000 00722nam a2200253 i 4500
001 bgj
100 1 _aGEIGER, Heinz.
245 1 0 _aAspekte der Dramas /
_cHeinz Geiger ; Herman Haarman.
260 _aOpladen :
_bWestdeutscher Verlag,
_c1978.
300 _a182 s. :
_bil.,
_c21 cm.
490 1 _aGrundstudium Literaturwissenschaft
_vBd. 7
504 _aBibliogr. s. 147-178. Indeks.
650 9 _aLiteratura niemiecka
_xhistoria
700 1 _aHAARMAN, Hermann.
830 _aGrundstudium Literaturwissenschaft
020 _a3531292773
040 _cBPK
041 0 _ager
044 _aDEU
080 _a821.112.2(091)
920 _a3-531-29277-3
942 _cKS
008 s gw f |000 0 ger
999 _c50938
_d50938
856 _uhttp://koha.tu.koszalin.pl/cgi-bin/koha/opac-detail.pl?biblionumber=50938
_yKatalog online BPK